5HLuxD.jpg

KING HENRY VIII SENIOR AND PRIMARY SCHOOL LIBRARY OPAC

A MAGICAL NEW PRINCESS (Record no. 4643)

000 -LEADER
fixed length control field 00291nam a22001097a 4500
008 - FIXED-LENGTH DATA ELEMENTS--GENERAL INFORMATION
fixed length control field 250306b ||||| |||| 00| 0 eng d
020 ## - INTERNATIONAL STANDARD BOOK NUMBER
International Standard Book Number 9781760681098
082 ## - DEWEY DECIMAL CLASSIFICATION NUMBER
Classification number FIC MIL
245 ## - TITLE STATEMENT
Title A MAGICAL NEW PRINCESS
260 ## - PUBLICATION, DISTRIBUTION, ETC.
Place of publication, distribution, etc. FIVE MILE,BONNIER PUBLISHING AUSTRALIA
Name of publisher, distributor, etc. FIVE MILE
Date of publication, distribution, etc. 2018
942 ## - ADDED ENTRY ELEMENTS (KOHA)
Source of classification or shelving scheme
Holdings
Withdrawn status Lost status Source of classification or shelving scheme Damaged status Not for loan Collection code Permanent Location Current Location Shelving location Date acquired Total Checkouts Full call number Barcode Date due Date last seen Date last checked out Price effective from Koha item type Public note
          Fiction KH8 Primary School Library KH8 Primary School Library Fiction 2025-03-06 10 E FIC MIL KHPL000006458 2026-04-16 2026-04-08 2026-04-08 2025-03-06 Books - Fiction KH8 PRIMARY LIBRARY

Powered By KH8 IT Dept